LEADER 01717nam 2200433 450 001 9910467021403321 005 20200520144314.0 010 $a0-8261-3303-7 035 $a(CKB)4100000005116857 035 $a(MiAaPQ)EBC5448561 035 $a(Au-PeEL)EBL5448561 035 $a(OCoLC)1044949638 035 $a(EXLCZ)994100000005116857 100 $a20180728d2018 uy 0 101 0 $aeng 135 $aurcnu|||||||| 181 $ctxt$2rdacontent 182 $cc$2rdamedia 183 $acr$2rdacarrier 200 10$aAACN's core curriculum for pediatric high acuity, progressive, and critical care nursing /$fMargaret C. Slota, editor 205 $aThird edition. 210 1$aNew York, NY :$cSpringer Publishing Company :$cAmerican Association of Critical-Care Nurses,$d[2018] 210 4$dİ2018 215 $a1 online resource (990 pages) 300 $aPreceded by Core curriculum for pediatric critical care nursing / edited by Margaret C. Slota. 2nd ed. c2006. 311 $a0-8261-3302-9 320 $aIncludes bibliographical references and index. 327 $aCaring for critically ill children and their families -- Pulmonary -- Cardiovascular -- Neurologic -- Renal -- Endocrine -- Gastrointestinal -- Hematology and immunology -- Multisystem issues -- Professional practice. 608 $aElectronic books. 676 $a618.92/00231 702 $aSlota$b Margaret C. 712 02$aAmerican Association of Critical-Care Nurses, 801 0$bMiAaPQ 801 1$bMiAaPQ 801 2$bMiAaPQ 906 $aBOOK 912 $a9910467021403321 996 $aAACN's core curriculum for pediatric high acuity, progressive, and critical care nursing$92485833 997 $aUNINA LEADER 01694nam 2200397Ia 450 001 996383092903316 005 20221108104340.0 035 $a(CKB)1000000000591126 035 $a(EEBO)2240925700 035 $a(OCoLC)9920465400971 035 $a(EXLCZ)991000000000591126 100 $a19950918d1603 uy | 101 0 $aeng 135 $aurbn||||a|bb| 200 10$aBy the King$b[electronic resource] $ethe foule and insolent outrages lately committed vpon the the borders of our realmes of England and Scotland by persons accustomed in former times to liue by rapine and spoyle .. 210 $aImprinted at London $cBy Robert Barker, Printer to the Kings most Excellent Maiestie$dAnno Dom. 1603 215 $a1 sheet ([1] p.) 300 $aRenewing the commission to suppress border raids. 300 $aOther title information from first 3 lines of text. 300 $a"Giuen at our Mannour of Greenwich the seuenteenth day of May, 1603. in the first yeere of our Reigne of England, France and Ireland, and of Scotland the sixe and thirtieth." 300 $aReproduction of original in: Society of Antiquaries. 330 $aeebo-0147 606 $aBrigands and robbers$zGreat Britain 607 $aGreat Britain$xHistory$yJames I, 1603-1625 607 $aScottish Borders (England and Scotland) 607 $aWelsh Borders (England and Wales) 608 $aBroadsides$zLondon (England)$y17th century.$2rbgenr 615 0$aBrigands and robbers 701 $aJames$cKing of England,$f1566-1625.$01001019 801 0$bEBK 801 1$bEBK 801 2$bWaOLN 906 $aBOOK 912 $a996383092903316 996 $aBy the King$92299281 997 $aUNISA